10 najbogatszych krajów Afryki 2022. - Statystyki

Ogólne statystyki
  • Ten quiz został rozwiązany 93 razy
  • Średni wynik to 7 z 10
Statystyki odpowiedzi
Ranga Odpowiedź PKB na mieszkańca (PPP) % Poprawnych
6 Egipt $ 12,790
98%
7 RPA $ 12,032
98%
8 Algieria $ 11,112
87%
9 Tunezja $ 10,120
78%
1 Seszele
$ 25,414
58%
4 Botswana $ 16,893
53%
5 Gabon $ 15,970
49%
3 Gwinea Równikowa $ 17,788
47%
10 Namibia $ 9,396
47%
2 Mauritius $ 20,292
43%
Nie znaleziono quizów pasujących do podanych kryteriów
Rozkład punktacji
Procent ludzi z każdym wynikiem
Percentyl według liczby udzielonych odpowiedzi
Twoja historia wyników
Nie rozwiązałeś tego quizu